|
|
|
|
| LEADER |
00864ncm a22002292a 4500 |
| 001 |
000555522 |
| 003 |
CZ BrMZK |
| 005 |
20121105071226.0 |
| 007 |
qu |
| 008 |
000105s1925 gw ger d |
| 040 |
|
|
|a BOA001
|b cze
|
| 072 |
|
7 |
|a 782
|x Divadelní hudba. Opera, opereta, muzikál
|2 Konspekt
|9 9
|
| 100 |
1 |
|
|a Lehár, Franz,
|d 1870-1948
|7 jn19990210370
|4 cmp
|
| 245 |
1 |
0 |
|a Paganini
|h [hudebnina] :
|b Operette in drei Akten von Paul Knepler und Bela Jenbach : Klavierauszug mit Text /
|c Franz Lehár
|
| 260 |
|
|
|a Berlin :
|b Crescendo Theaterverlag,
|c c1925
|
| 300 |
|
|
|a 120 s.
|
| 700 |
1 |
|
|a Knepler, Paul,
|d 1879-1967
|7 xx0079829
|4 cmp
|
| 700 |
1 |
|
|a Jenbach, Bela,
|d 1871-1943
|7 pna2006338019
|4 cmp
|
| 910 |
|
|
|a BOA001
|b Mus4-0505.555
|
| 990 |
|
|
|a MU
|
| 991 |
|
|
|b 201209
|
| 996 |
6 |
|
|b 2619731441
|c Mus4-0505.555
|l MZK
|r Sklad / do 1 hodiny
|n 6
|w 000555522
|u 000010
|a 1
|e BOA001
|j MZK50
|s P
|